Syntéza a vlastnosti nových senzorických molekúl s ananásovou vôňou

Gespeichert in:
Bibliographische Detailangaben
1. Verfasser: Danková, Daniela (Verfasst von)
Weitere Verfasser: Szolcsányi, Peter (Betreuung Doktorarbeit)
Format: Manuskript Buch
Sprache:Slowakisch
Veröffentlicht: 2015
Schlagworte:
Online-Zugang:http://is.stuba.sk/zp/portal_zp.pl?podrobnosti=101110
Tags: Tag hinzufügen
Keine Tags, Fügen Sie das erste Tag hinzu!

MARC

LEADER 00000ntm a22000003a 4500
001 stuzp52762
003 SK-STU
005 20160719154255.1
007 ta
008 150427s2015----xo-----f-mn---000-0-slo-d
040 |a STU  |b slo 
041 0 |a slo 
100 1 |a Danková, Daniela  |u 048140  |4 aut  |U FCHPT Ústav organickej chémie, katalýzy a petrochémie  |T FCHPT Oddelenie organickej chémie  |X 59564  |U C8140  |Y 124  |7 59564 
242 0 1 |a Synthesis and properties of novel sensory molecules with pineapple scent  |y eng 
245 1 0 |a Syntéza a vlastnosti nových senzorických molekúl s ananásovou vôňou 
260 |c 2015 
650 4 |a ananásová aróma  |2 slo 
650 4 |a nenasýtené estery  |2 slo 
650 4 |a Wittigova reakcia  |2 slo 
650 4 |a unsaturated esters  |2 eng 
650 4 |a pineapple aroma  |2 eng 
650 4 |a Wittig reaction  |2 eng 
700 1 |a Szolcsányi, Peter  |4 ths  |X 3952  |7 A000003952 
856 4 |u http://is.stuba.sk/zp/portal_zp.pl?podrobnosti=101110 
SQL |a stuzp52762  |b DBP  |c SLO  |d Syntéza a vlastnosti nových senzorických molekúl s ananásovou vôňou  |e 59564  |f Danková, Daniela  |g 048140  |h 3952  |i Szolcsányi, Peter  |j 20150714  |k 752  |l 04  |m http://is.stuba.sk/zp/portal_zp.pl?podrobnosti=101110  |n B-BIOPOT  |o 5.2.25. biotechnológie